Szczegóły MARC21

Rachunkowość dla ciebie : podstawy rachunkowości /

005 -DATA I CZAS OSTATNIEJ MODYFIKACJI [,]
    • @
    • pole kontrolne
    • 20110112150120.0
020 -Międzynarod. znormalizowany nr książki - ISBN [ , ]
    • a
    • Numer ISBN
    • 9788375561852 Find
040 -Instytucja sporządzająca opis [ , ]
    • a
    • Instytucja, która sporządziła opis (NP)
    • SZCZ U/DL
    • c
    • Instytucja, która sporządziła rekord (NP)
    • SZCZ U/DL
    • d
    • Instytucja, która zmodyfikowała rekord (P)
    • SZCZ U/RJ
041 -Język dokumentu [0, ]
    • a
    • Język tekstu (P)
    • polski
044 -Kraj miejsca wydania [ , ]
    • a
    • Kraj miejsca wydania
    • Polska
942 -Rodzaj dokumentu [ , ]
    • c
    • Rodzaj dokumentu
    • Książka
245 -Strefa tytułu i oznaczenia odpowiedzialności [0,0]
    • a
    • Tytuł
    • Rachunkowość dla ciebie : Find
    • b
    • Ciąg dalszy tytułu (NP)
    • podstawy rachunkowości / Find
    • c
    • Pozostałe elementy strefy tytułu i oznaczenia odpowiedzialności (NP)
    • Piotr Szczypa (red.).
250 -Strefa wydania [ , ]
    • a
    • Oznaczenie wydania (NP)
    • [Wyd. 2].
260 -Strefa adresu wydawniczego [ , ]
    • a
    • Miejsce wydania (P)
    • Warszawa :
    • b
    • Nazwa wydawcy (P)
    • CeDeWu.PL Wydawnictwa Fachowe,
    • c
    • Data wydania (P)
    • 2010.
300 -Strefa opisu fizycznego [ , ]
    • a
    • Określenie formy książki i/lub objętość (NP)
    • 340 s. :
    • b
    • Oznaczenie ilustracji (NP)
    • il. ;
    • c
    • Format (NP)
    • 24 cm.
504 -Uwaga dot. bibliogr. załącznikowej [ , ]
    • a
    • Uwaga dot. bibliografii załącznikowej
    • Bibliogr.
080 -Uniwersalna Klasyfikacja Dziesiętna [ , ]
    • 2
    • Identyfikator wydania tablic
    • UDC-P058
    • 9
    • UKD
    • 5580
    • a
    • Symbol klasyfikacji
    • 657
    • b
    • Dopowiedzenie
    • Rachunkowość. Księgowość.
    • 4
    • UKD2
    • 7665
    • x
    • Poddział wspólny
    • (075.8)
    • c
    • Dopowiedzenie poddz. wspólnego
    • (Podręczniki dla szkół wyższych. Skrypty).
980 -Symbol UKD [ , ]
    • a
    • UKD
    • 657(075.8)
700 -Hasło dodatkowe - nazwa osobowa [1, ]
    • 9
    • KHW
    • 7395
    • a
    • Nazwa osobowa (NP)
    • Szczypa, Piotr Find
    • e
    • Określenie rodzaju współpracy
    • Red.
    • c
    • Dopowiedzenie inne niż daty biograficzne (NP)
    • (ekonomia).
920 -ISBN [ , ]
    • a
    • ISBN
    • 978-83-7556-185-2 Find
Data inwentaryzacji Lokalizacja Sygnatura Numer inwentarzowy Status udost.
2010-12-17TTM.7601TM.7601-3
2010-12-17TTM.7602TM.7602-6
2010-12-17TTM.7603TM.7603-3
2010-12-17TTM.7604TM.7604-3
2011-01-25TTM.7904TM.7904-3
2011-01-25TTM.7905TM.7905-3
2011-01-25TTM.7906TM.7906-3
2011-01-25TTM.7907TM.7907-3
2011-01-25TTM.7908TM.7908-3
2011-09-15TTM.8039TM.8039-3
2014-06-04TTM.11301TM.11301-3
2014-12-15TTM.12012TM.12012-3
2015-02-17TTM.12201TM.12201-3